000 02704nam a2200361Ia 4500
999 _c56127
_d56127
001 23228
003 GE_BSU
005 20250915172924.0
008 181216s1975||||ge |||||||||||||| ||geo||
040 _cGE_BSU
041 _ageo
080 _a94(479.22) ბ-57
100 _aბერძენიშვილი, ნიკოლოზ
_91447
245 _aსაქართველოს ისტორიის საკითხები. წ. 8 :
_bმასალები ავტორის არქივიდან /
_cნ. ბერძენიშვილი ; სარედაქციო კოლეგია : გ. აკოფაშვილი, მ. ბერძნიშვილი, დ. ბერძენიშვილი [და სხვა] ; მხატვარი გ. ნადირაძე ; საქართველოს სსრ მეცნიერებათა აკადემია, ივ. ჯავახიშვილის სახ. ისტორიის, არქეოლოგიისა და ეთნოგრაფიის ინსტიტუტი.
264 _aთბილისი :
_bმეცნიერება,
_c1975.
300 _a692 გვ. ;
_c22 სმ.
500 _aსაძიებლები : გვ. 654-690
520 _aგაშლ. თავფ. რუს. ენ.
541 _h7ლ. 70თ.
653 _aსაქართველოს ისტორია
653 _aსაქართველოს ისტორიის საკითხები
653 _aწ. 8 : მასალები ავტორის არქივიდან
700 _aბერძნიშვილი, მ.
_eრედაქტორი
_925817
700 _aბერძენიშვილი, დ.
_eრედაქტორი
_91470
700 _aდუმბაძე, მ.
_eრედაქტორი
_925818
700 _aმეგრელიძე, დ.
_eრედაქტორი
_93786
700 _aმუსხელიშვილი, დ.
_eრედაქტორი
_93201
700 _aხანთაძე, შ.
_eრედაქტორი
_93464
700 _aჯამბურია, გ.
_e რედაქტორი
_934
700 _aნადირაძე, გ.
_eმხატვარი
_925819
710 _aსაქართველოს სსრ მეცნიერებათა აკადემია
_bივ. ჯავახიშვილის სახ. ისტორიის, არქეოლოგიისა და ეთნოგრაფიის ინსტიტუტი
_918718
942 _cBK
_2udc